The Art and Science of CRICKET COMMENTARY/ (Record no. 212465)

MARC details
000 -LEADER
fixed length control field 00591nam a22001937a 4500
005 - DATE AND TIME OF LATEST TRANSACTION
control field 20250722153814.0
010 ## - LCCN (DPL NO)
LC control number ENG-146064
020 ## - INTERNATIONAL STANDARD BOOK NUMBER
International Standard Book Number 9789357437103
Terms of availability 180.00
035 ## - SYSTEM CONTROL NUMBER
System control number EN-129596
037 ## - SOURCE OF ACQUISITION
Source of stock number/acquisition DBAD
082 ## - DEWEY DECIMAL CLASSIFICATION NUMBER
Classification number 796.35
100 ## - MAIN ENTRY--PERSONAL NAME
Personal name Doshi, Sushil
245 ## - TITLE STATEMENT
Title The Art and Science of CRICKET COMMENTARY/
Statement of responsibility, etc Sushil Doshi
250 ## - EDITION STATEMENT
Edition statement 1
260 ## - PUBLICATION, DISTRIBUTION, ETC. (IMPRINT)
Place of publication, distribution, etc New Delhi
Name of publisher, distributor, etc National Book Trust, India
Date of publication, distribution, etc 2024
270 ## - ADDRESS
Address Nehru Bhawan, 5 Institutional Area, Phase-II Vasant Kunj
City New Delhi
Postal code 110070
300 ## - PHYSICAL DESCRIPTION
Extent 120p.
Dimensions 20cm(pb)
942 ## - ADDED ENTRY ELEMENTS (KOHA)
Source of classification or shelving scheme Dewey Decimal Classification
Item type English Books
Call number suffix DOS
Classification part 796.35
Holdings
Withdrawn status Lost status Not for loan Collection code Home library Current library Date acquired Source of acquisition Cost, normal purchase price Full call number Barcode Copy number Cost, replacement price Koha item type
      Non-fiction Sarojini Nagar Sarojini Nagar 22/07/2025 Delivery of Books Act Division 180.00 DOS 796.35 EN-129596 1 180.00 English Books

© Delhi Public Library
Hit Counter
free hit counter